000 00360 a2200157 4500
001 187587
020 _a978-85-10-04496-7
040 _cMagnum
100 _aCasasanta, Therezinha
240 1 0 _aPeixinho dourado vai passear
_lpor
245 1 0 _aPeixinho dourado vai passear
300 _a23
362 0 _a2009
697 _aLITERATURA INFANTO
942 _cBK
999 _c187587
_d187587